| 000 | 00374nam a22001457a 4500 | ||
|---|---|---|---|
| 999 |
_c197261 _d197261 |
||
| 008 | 230818b ||||| |||| 00| 0 eng d | ||
| 082 | _aS-MEN | ||
| 100 | _aMenon, Geeta | ||
| 245 |
_aView from the window and others _hEnglish |
||
| 260 |
_aDelhi _bA.I.C.B. _cRohini |
||
| 270 | _aA.I.C.B. Rohini, Delhi | ||
| 300 | _a12x13 | ||
| 490 | _v1-2 | ||
| 942 |
_2ddc _cBRLEN _kS _mMEN |
||